ARRUPE JESUIT UNIVERSITY

CORONAVIRUS -STOP THE SPREAD - CLEAN,DISINFECT,COVER

Mary mother and hope of Africa (Record no. 119298)

MARC details
000 -LEADER
fixed length control field 00516nam a22001577a 4500
005 - DATE AND TIME OF LATEST TRANSACTION
control field 20131217110600.0
008 - FIXED-LENGTH DATA ELEMENTS--GENERAL INFORMATION
fixed length control field 131217b xxu||||| |||| 00| 0 eng d
050 ## - LIBRARY OF CONGRESS CALL NUMBER
Classification number BT613.
Item number N337 2010
100 ## - MAIN ENTRY--PERSONAL NAME
Personal name Ncube, Raphael Mabuza
9 (RLIN) 5813
245 ## - TITLE STATEMENT
Title Mary mother and hope of Africa
Remainder of title encouranging Marian devotion in Africa
Statement of responsibility, etc Ncube, Raphael Mabuza
260 ## - PUBLICATION, DISTRIBUTION, ETC. (IMPRINT)
Place of publication, distribution, etc Plumtree
Name of publisher, distributor, etc ILIzwi
Date of publication, distribution, etc 2010
300 ## - PHYSICAL DESCRIPTION
Extent 260p. ;
Dimensions 24cm.
600 ## - SUBJECT ADDED ENTRY--PERSONAL NAME
Personal name Mary, Blessed Virgin
9 (RLIN) 5814
700 ## - ADDED ENTRY--PERSONAL NAME
Personal name Ncube, Raphael Mabuza
9 (RLIN) 5815
942 ## - ADDED ENTRY ELEMENTS (KOHA)
Source of classification or shelving scheme Library of Congress Classification
Item type Monograph ( Printed materials)
Holdings
Withdrawn status Lost status Source of classification or shelving scheme Damaged status Not for loan Collection code Home library Current library Shelving location Date acquired Total Checkouts Full call number Barcode Date last seen Price effective from Koha item type
    Library of Congress Classification     Main Collection ARRUPE LIBRARY ARRUPE LIBRARY Main Collection 17/12/2013   BT613. N337 2010 46411751 01/12/2016 17/12/2013 Monograph ( Printed materials)

 

Arrupe Library. PO Box MP320 Mt Pleasant, Harare, Zimbabwe
263 242 745411|librarian@aju.ac.zw